000 00753nam a2200193 i 4500
001 43956
003 ES-MaACL
007 t|
008 030320m19461947sp ||||1| spa d
100 1 _aCaviglioli, Giovanni.
_937198
245 1 0 _aDerecho Canónico /
_cJuan Caviglioli ; prólogo, notas de derecho español y traducción directa del italiano por Ramón Lamas Louvido.
260 _aMadrid :
_bRevista de Derecho Privado,
_c[1946-1947] (
_fHijos de Minuesa)
300 _a2 v. ;
_c22 cm.
490 1 _aManuales de derecho, economía y hacienda ;
_v15
700 1 _aLamas Louvido, Ramón.
_969783
830 0 0 _aManuales de derecho, economía y hacienda
_v15
_9182706
852 _aES-MaACL
_jE-2128-29
_bR.22197
999 _c43956
_d43956